<?xml version="1.0" encoding="UTF-8"?><OAI-PMH xmlns="http://www.openarchives.org/OAI/2.0/" xmlns:xsi="http://www.w3.org/2001/XMLSchema-instance"     xsi:schemaLocation="http://www.openarchives.org/OAI/2.0/ http://www.openarchives.org/OAI/2.0/OAI-PMH.xsd"><responseDate>2026-05-16T15:20:45Z</responseDate><request verb="GetRecord" identifier="oai:regmurcia.com:fintegr.2931" metadataPrefix="marc21">http://oai.regmurcia.com/oai2/oai2.php</request><GetRecord><record><header><identifier>oai:regmurcia.com:fintegr.2931</identifier><datestamp>2026-05-16</datestamp><setSpec>documentos</setSpec></header><metadata><record  xmlns="http://www.loc.gov/MARC21/slim" xmlns:xsi="http://www.w3.org/2001/XMLSchema-instance" xsi:schemaLocation="http://www.loc.gov/MARC21/slim http://www.loc.gov/standards/marcxml/schema/MARC21slim.xsd" type="Bibliographic"><leader>00000nam a2200000   4500</leader><controlfield tag="001" >005074419</controlfield><controlfield tag="003" >2931</controlfield><controlfield tag="004" >A00000000</controlfield><datafield tag="245" ind1=" " ind2=" "><subfield code="a">Expediente sobre el precio de venta del trigo almacenado en el pósito de la ciudad de Murcia.</subfield></datafield><datafield tag="300" ind1=" " ind2=" "><subfield code="a">Fol. 345</subfield></datafield><datafield tag="300" ind1=" " ind2=" "><subfield code="a">11 fols.</subfield></datafield><datafield tag="351" ind1=" " ind2=" "><subfield code="a">Unidad Documental compuesta</subfield><subfield code="c">Archivo de Murcia. Array</subfield><subfield code="a">Unidad Documental compuesta</subfield><subfield code="c">Archivo de Murcia. Array</subfield></datafield><datafield tag="351" ind1=" " ind2=" "><subfield code="b">Doc. 122</subfield></datafield><datafield tag="506" ind1=" " ind2=" "><subfield code="a">Acceso restringido</subfield></datafield><datafield tag="520" ind1=" " ind2=" "><subfield code="a">Testimonio del poder otorgado por Cayetano Ramos y Antonio Cancela, veedores del gremio de panaderos de Murcia a Juan Fernando Bermúdez para que los represente en cualquier causa o pleito que tuvieran pendiente (1736-03-04. Murcia)
- Copia de una provisión de Felipe V ordenando al corregidor de la ciudad de Murcia que nombre peritos que den constancia de las libras de pan que produce cada fanega del trigo almacenado en el pósito de la ciudad y que regule el valor de cada fanega según las libras de pan que produzca, de manera que los panaderos que lo adquieran puedan beneficiarse en dos o cuatro reales por fanega. (1734-01-21. Granada)
- Petición de Juan Fernando Bermúdez solicitando al rey el nombramiento de 2 maestros del gremio de panaderos para que estén presentes junto con los veedores y el regidor diputado cuando se efectue la cala y cata del pan. Solicita también que Pedro Navarro Micael, administrador del almudí, certifique el precio del trigo en el presente mes. (1734-01-26. Murcia)
- Juan Fernández Bermúdez informa sobre el auto en el que se manda al gremio de panaderos que saquen 100 fanegas de trigo al día, debiendo pagar 25 reales por fanega, lo que supone aumentar en dos reales el precio de la venta.
 - Comprobación por parte de José Fonte Barnuevo, patrón del pósito de la ciudad, de las libras obtenidas de media molienda de pan. (1736-03-15. Murcia)
- Juan Fernández Bermúdez declara que los maestros y veedores comprobaron que de la molienda de media fanega de trigo se obtuvieron 50 libras y media de pan y seestableció el precio de venta en 23 reales por fanega.</subfield></datafield><datafield tag="583" ind1=" " ind2=" "><subfield code="u">http://www.regmurcia.com/servlet/s.Sl?METHOD=VERDOCUMENTO&amp;sit=serv,Carmesi&amp;n=/01/5229/indice.djvu</subfield></datafield><datafield tag="592" ind1=" " ind2=" "><subfield code="a">1734/1736</subfield></datafield><datafield tag="592" ind1=" " ind2=" "><subfield code="d">1736-12-31 00:00:00</subfield></datafield><datafield tag="651" ind1=" " ind2=" "><subfield code="a">Murcia</subfield></datafield><datafield tag="786" ind1=" " ind2=" "><subfield code="o">http://www.regmurcia.com/servlet/s.Sl?METHOD=VERDOCUMENTO&amp;sit=serv,Carmesi&amp;n=/01/5229/indice.djvu</subfield></datafield><datafield tag="856" ind1=" " ind2=" "><subfield code="u">http://www.regmurcia.com/servlet/s.Sl?METHOD=DETALLE&amp;sit=c,373,m,139,serv,Carmesi&amp;id=2931</subfield></datafield></record></metadata></record></GetRecord></OAI-PMH>
